000 01117nam a2200229Ia 4500
001 L248-15809
003 IT-CnALBA
008 170116s9999||||xx |||||||||||||| ||und||
040 _aIT-CnALBA
_cIT-CnALBA
041 _aITALIANO
100 _aPROSPERINI FERDINANDO, MONS.
245 0 _aVENITE IN DESERTUM LOCUM. RITIRI MENSILI PROPOSTI ALLE DONNE DI AZIONE CATTOLICA.
250 _a1a ed.
260 _aROMA
_bSALES EDITRICE UN. DON. AZ. CATT. ROMA
_c1932 [1° Ed.:1932 - Ed.Ling.Originale: 1932]
300 _a326 p. (prefazione: 3)
500 _aGESÙ, MAESTRO DI UMILTÀ. PENITENZA. CROCE. CRISTO RISORTO. SPIRITO SANTO. RIPARAZIONE. FEDE. MARIA, REGINA DEGLI APOSTOLI. SPERANZA. CARITÀ. GIUSTIZIA. VENUTA DI CRISTO.
501 _aSocietà San Paolo EM - Piazza San Paolo, 14 - 12051 ALBA (CN) (non commercial uses only) ® Copyright 2017
520 _aGESÙ, MAESTRO DI UMILTÀ. PENITENZA. CROCE. CRISTO RISORTO. SPIRITO SANTO. RIPARAZIONE. FEDE. MARIA, REGINA DEGLI APOSTOLI. SPERANZA. CARITÀ. GIUSTIZIA. VENUTA DI CRISTO.
650 _aASCETICA E MISTICA
942 _cBK
957 _71
999 _a20558
_bSI
_g Copie: 1
_c274977
_d274977